Statistics for Most Subscribed Team Fortress 2 Youtubers

Click here to take the quiz!

General Stats

  • This quiz has been taken 284 times
    (246 since last reset)
  • The average score is 8 of 30

Answer Stats

SubscribersYoutuberContent% Correct
344,104Uncle DaneEngineer guides
87%
3,359,696Muselk"Tryhard Tuesday" series
79%
141,766SoundSmithTF2"TF2 Hat Stereotypes" series
75%
257,201MrPaladin"How a Spy thinks" series
60%
213,144ArraySevenMedic gameplay
55%
300,295DelfyGriefing and trolling
52%
221,420LazyPurpleComedy and gameplay opinions
51%
637,559NISLT"How to" series
41%
109,702ChiliOfDestiny"TF2 Scout Voice Actor" series
34%
74,373MaxBox"Spot the Hacker" series
32%
298,963FUNKeMiscellaneous gameplay
27%
83,297stabbyvideoCompetitive Spy gameplay
27%
251,203Valve News NetworkNews and rumors
25%
240,124Karma ChargerCommunity weapon demonstrations
23%
75,175Skymin SlashCommunity maps and game modes
23%
526,232Salty Phish"The SRS that is" series
22%
166,960Nate FoxTutorials
20%
105,303Red Robot"Terrible Tactics" series
15%
191,967BluMontages
14%
70,752PeterscrapsMiscellaneous gameplay
14%
86,040SeriousMartinCommunity events
14%
77,414RTGameCommunity maps and game modes
13%
144,927Ardy"TF2 Gameplay" series
8%
289,434PeaseMakerRussian TF2 content
4%
82,704AegisCompetitive psychology
3%
122,566eXtelevisionCompetitive streams and matches
3%
69,171KrunchyNautStories and rants
3%
109,900urnotjustinStories and comedy
3%
94,308CousinGamersSpanish TF2 content
1%
77,783ThatGuyTaggHighlights and competitive content
1%

Score Distribution

Percentile by Number Answered

Percent of People with Each Score

Your Score History

You have not taken this quiz since the last reset